01412nam a2200217Ia 4500952011400000952011500114999001700229008004100246020001800287050002700305245009800332250001700430260016400447300004400611500003000655500015000685505025700835519005501092650003501147942001201182 00104070a04b04d2011-12-07l8oC HF5616.M4 N67 2011p04 003835r2014-11-03s2014-10-29t1w2012-06-24yLB 00104070a04b04d2011-12-07l13oC HF5616.M4 N67 2011p04 003836r2017-05-30s2015-01-07t2w2012-06-24yLB c63023d63023120625s2011 mx 000 0 esp d a978607762060014aC HF5616.M4bN67 201110aNormas de información financiera (NIF) 2011 c/ Instituto Mexicano de Contadores Públicos a5a edición3 aMéxico b: Consejo Mexicano para la Investigación y Desarrollo de Normas de Información Financierab: Instituto Mexicano de Contadores Públicosc, 2011 a1 volumenen varias paginacionesc; 17cm aEn portada: "Estudiantil" aEn portada: "El texto completo de Normas de Información Financiera considera la normatividad que se encuentra en vigor al 1o. de Enero de 2011" aPrólogo Serie NIF A. Marco conceptual Serie NIF B Normas aplicables a los estados financieros en su conjunto Serie NIF C Normas aplicables a conceptos específicos de los estados financieros Serie NIF D Normas aplicables a problemas de determinados aMaterial Complementario /d(04 003835) (04 003836)10aCONTABILIDADxNORMASzMÉXICO 2lcccLB